Bodies of Water from Port Said to the Ocean - Statistics

General Stats
  • This quiz has been taken 145 times
  • The average score is 6 of 8
Answer Stats
Body of Water % Correct
Gulf of {Suez}
96%
{Suez} Canal
96%
{Red} Sea
95%
{Indian} Ocean
94%
{Arabian} Sea
80%
Gulf of {Aden}
78%
{Mandeb} Strait
28%
Great {Bitter} Lake
23%
No matching quizzes found
Score Distribution
Percent of People with Each Score
Percentile by Number Answered
Your Score History
You have not taken this quiz